000 00268nam a22001337a 4500
008 170928b xxu||||| |||| 00| 0 eng d
020 _a9781419552069
041 _aeng
080 _a37
100 _a47
101 _aEDU
245 _aGRE
_cKAPLAN
942 _2udc
_cBK
999 _c30367
_d30367